000
00222nam a2200085Ia 4500
245
0
_a
A woman's life
100
_a
BILLINGTON, Rachel London, 2003
_9
100896
942
_c
BK
008
210818s9999 xx 000 0 und d
999
_c
434767
_d
434765